Responsabilidad extracontractual: hechos y actos ilícitos

Saved in:
Bibliografiske detaljer
Hovedforfatter: Cammarota, Antonio (autor)
Format: Bog
Sprog:spansk
Udgivet: Buenos Aires, Argentina Depalma 1947
Fag:
Tags: Tilføj Tag
Ingen Tags, Vær først til at tagge denne postø!

MARC

LEADER 00000nam a2200000 a 4500
001 UCS1155
003 CL-VaPUC
005 20220728095452.0
008 970509e19470000AG |||||||||||||||||spa|d
999 |c 259258  |d 259256 
040 |c Pontificia Universidad Católica de Valparaíso 
082 0 4 |a 346.022 CAM 1947  |2 21 
100 0 |a Cammarota, Antonio  |e autor  |9 385323 
245 1 0 |a Responsabilidad extracontractual: hechos y actos ilícitos 
260 0 3 |a Buenos Aires, Argentina  |b Depalma  |c 1947 
300 |a volumen 
583 |a last modification  |c 19970509 00:00:00  |k Rodrigo Vera 
650 0 |a Contratos  |9 255153 
650 0 |a Responsabilidad contractual  |9 256720 
650 0 |a Derecho civil  |9 255013  |x Responsabilidad civil 
650 0 |a Derecho civil  |9 224143  |x Delitos 
650 0 |a Derecho civil  |9 255268  |x Propiedad  
650 0 |a Derecho privado  |9 258243 
650 0 |a Bienes muebles   |9 380927 
650 0 |a Bienes inmuebles   |9 359521 
650 0 |a Indemnización por perjuicios  |2 CL-VaPUC  |9 385260 
650 0 |a Derecho civil  |9 384857  |x Acción civil 
650 0 |a Acción penal  |x Acción penal  |9 254970 
942 |c BK  |2 ddc 
945 |d 19970509 00:00:00  |a cmena 
952 |0 0  |1 0  |2 ddc  |4 0  |6 346_022000000000000_CAM_1947  |7 0  |8 X  |9 283902  |a BIBDER  |b BIBDER  |d 2019-11-19  |h v.1  |i 1844717  |o 346.022 CAM 1947  |p 1844717  |r 2023-01-25  |t 1  |w 2019-11-19  |y BK_X  |k DER